[Event "Biel GM"]
[Site "Biel"]
[Date "2006.08.02"]
[Round "9"]
[White "Morozevich, Alexander"]
[Black "Pelletier, Yannick"]
[Result "1-0"]
[WhiteElo "2731"]
[BlackElo "2583"]
[Annotator "Ftacnik,L"]
[PlyCount "67"]
[EventDate "2006.07.24"]
[EventType "tourn"]
[EventRounds "10"]
[EventCountry "SUI"]
[EventCategory "17"]
[SourceTitle "CBM 114"]
[Source "ChessBase"]
[SourceDate "2006.10.02"]
[SourceVersion "1"]
[SourceVersionDate "2006.10.02"]
[SourceQuality "1"]

1. e4 e6 2. d4 d5 3. Nc3 dxe4 4. Nxe4 Nd7 5. Bd3 Ngf6 6. Nxf6+ Nxf6 7. Bg5 c5
8. dxc5 Bxc5 9. Nf3 h6 {Pelletier is not finding courage to test his dangerous
opponent after the double blow on the sqaures b2 and f2. White would have been
forced to sacrifice two pawns for the attacking chances.} (9... Qb6 $5 10. O-O
Qxb2 11. Rb1 Qxa2 12. Bb5+ Ke7 13. Ne5 Qd5 (13... Rd8 14. Qh5 Rf8 15. Bxf6+
gxf6 16. Nc6+ Kd6 17. Rfd1+ Qd5 18. Qh6 Kc7 19. Rxd5 exd5 20. Nd4 a6 21. Bd3
Bd7 22. Qf4+ Bd6 23. Rxb7+ Kxb7 24. Qxd6 {1-0 Degraeve,J (2525)-Kalevic,S 
(2310)/Ubeda 1998/}) 14. Qe2 Bd6 15. f4 $44) 10. Bh4 O-O 11. Qd2 {Former
praxis was favouring other moves, but White has a clear concept about the
centralization of his own forces.} (11. Qe2 Qa5+ 12. c3 Nd5 13. O-O (13. Qd2
Be7 14. Bg3 Bd7 15. Ne5 Bb5 16. Bxb5 Qxb5 17. c4 Qa4 18. b3 Qa3 19. O-O Nf6 20.
Qe2 a5 {1/2 Anagnostopoulos,D (2475)-Yagupov,I (2450)/Ubeda 1998/ (32)}) 13...
Nf4 14. Qe4 Nxd3 15. Qxd3 Qa6 16. Qxa6 bxa6 17. b4 Bb6 18. c4 f6 19. c5 Bc7 20.
Nd4 e5 {0-1 Balcerak,J (2250)-Christiansen,L (2550)/Germany 1997/ (36)}) (11.
O-O b6 12. Qe2 Bb7 13. Rad1 Qc7 14. Ne5 Rfd8 15. Kh1 Rd4 16. f4 Re8 17. b4 Bxb4
18. Bh7+ Nxh7 19. Rxd4 Bd6 20. Rfd1 Bxe5 21. fxe5 Nf8 22. Rc4 Qb8 23. Rg4 {
1-0 Fedorchuk,S (2415)-Mirzoev,A (2445)/Calicut 1998/ (40)}) 11... b6 12. O-O-O
Bb7 13. Rhe1 Be7 14. Ne5 Nd5 {Black is trying to minimise the probability of
the kingside problems with the help of an exchange of bishops.} (14... Qc7 15.
f4 Rad8 $11) 15. Bxe7 Qxe7 16. a3 Rad8 {White had the same position on the
board also later in the rapid open Mainz 2006.} (16... Qg5 17. Qxg5 hxg5 18.
Be4 Rac8 19. g3 Rfd8 20. Rd2 f6 21. Nf3 Kf7 22. Nd4 e5 23. Nb5 a5 24. b3 a4 25.
b4 Rc4 26. Kb2 Ke6 27. f3 Bc6 28. Nc7+ {1-0 Morozevich,A (2731)-Meier,G (2450)/
Mainz 2006/}) 17. f4 Nf6 18. c4 Qc7 (18... Be4 19. Qe2 Bxd3 20. Rxd3 Rxd3 21.
Qxd3 Rd8 22. Qf3 Rd4 $11) 19. b4 $5 {White truly needs a lion heart to choose
the plan with opening the position in front of his own king.} Nd7 (19... a5 20.
Kb2 axb4 21. axb4 Qe7 22. Kb3 $11) 20. Kb2 (20. Nxd7 $2 Rxd7 21. Bh7+ Kxh7 22.
Qxd7 Qxc4+ 23. Kb2 Bd5 $17) 20... Nxe5 21. fxe5 Kh8 $2 {The swiss grandmaster
is thinking only about the doubling of the rooks and the king's retreat has to
exclude the possibility of the Bh7+ move. Much more logival impression have
made 21...a5! with serious questions for the white king.} (21... a5 $1 22. b5 (
22. Qe3 axb4 23. axb4 Ra8 $17) 22... Rfe8 23. Re2 $13) 22. Qe3 Rd7 (22... f5
23. exf6 Rxf6 24. Bc2 Rxd1 25. Rxd1 Kg8 26. g3 $14) 23. g4 $1 Rfd8 $2 {The
defender has reached his goal, but his position has managed to collapse in the
meantime! It was necessary to return with the king to the square g8 in order
to prevent opening of the kingside files.} (23... Kg8 24. g5 h5 (24... hxg5 25.
Rg1 f5 26. exf6 Rxf6 27. Rxg5 $16) 25. g6 fxg6 26. Qg3 g5 27. Qxg5 Rf2+ $13)
24. g5 hxg5 (24... h5 25. g6 fxg6 26. Qg3 g5 27. Re3 Kg8 28. Qh3 (28. Qxg5 Be4
29. Rxe4 Rxd3 30. Rxd3 Rxd3 31. Qxh5 Qd7 $13) 28... Rd4 29. Qxh5 Rh4 30. Qxg5
Rxh2+ 31. Kb3 Rf8 32. Qg4 $40) 25. Qh3+ Kg8 26. Qh7+ Kf8 27. Re3 $1 {[%mdl 128]
An excellent patient attacking move, the black king is unable to escape and
the rook on the third rank is fullfilling lots of functions.} g4 (27... Rd4 28.
Qh8+ Ke7 29. Qxg7 g4 30. h3 $1 Be4 31. Rf1 Bf5 32. Rxf5 exf5 33. e6 $18) (27...
g6 28. Qh8+ Ke7 29. Qf6+ Ke8 30. Rh3 Rd4 31. Bc2 Rh4 32. Rxd8+ Qxd8 33. Ba4+
$18) 28. Qh8+ Ke7 29. Qxg7 Bf3 30. Bg6 $1 {The final blow against the exposed
enemy's king.} Rf8 (30... Rd2+ 31. Kc3 Rc2+ $1 32. Kxc2 Bxd1+ 33. Kc3 Ke8 34.
Qg8+ Kd7 35. Qxf7+ Kc8 36. Qxe6+ $18) 31. Rxd7+ Qxd7 32. Rd3 Qc8 33. Qf6+ Ke8
34. Rd6 {The defense is finally falling apart around the square e6.} (34. Rd6
fxg6 35. Rxe6+ Qxe6 36. Qxe6+ Kd8 37. Qd6+ Ke8 38. e6 $18) 1-0

[Event "RUS-ch"]
[Site "Elista"]
[Date "1996.??.??"]
[Round "3"]
[White "Solozhenkin, Evgeniy"]
[Black "Rustemov, Alexander"]
[Result "1-0"]
[WhiteElo "2565"]
[BlackElo "2535"]
[Annotator "Gershon,A"]
[PlyCount "123"]
[EventDate "1996.10.15"]
[EventType "swiss"]
[EventRounds "11"]
[EventCountry "RUS"]
[SourceTitle "CBM 056"]
[Source "ChessBase"]
[SourceDate "1997.02.01"]
[SourceVersion "1"]
[SourceVersionDate "1997.02.01"]
[SourceQuality "1"]

1. e4 {Tyomkin,D} e6 2. d4 d5 3. Nc3 dxe4 4. Nxe4 Bd7 5. Nf3 Bc6 6. Bd3 Nd7 7.
O-O Ngf6 8. Ng3 Be7 9. c4 (9. b3 O-O 10. Bb2 Bxf3 11. Qxf3 c6 12. c4 Re8 13.
Rfe1 Nf8 14. h4 $5 Qc7 15. Rac1 Ng6 $1 (15... Rad8 $6 16. d5 $1 cxd5 17. cxd5
Qd7 18. d6 $1 Qxd6 (18... Bxd6 $2 19. Bxf6 gxf6 20. Nh5 Be5 (20... Be7 21. Red1
$18) 21. Rxe5 $18) 19. Bb5 N8d7 20. Red1 $1 (20. Qxb7 $14) 20... Qb6 21. Bxf6
Qxb5 22. Bxe7 Rxe7 23. Rc7 $1 $16) 16. h5 Nh4 17. Qe3 Bd6 $1 18. Ne4 Bf4 $1 19.
Nxf6+ gxf6 20. Qe4 $1 f5 21. Qe2 {פh4} Bxc1 22. Rxc1 f6 $1 23. g3 $16 {
1-0 Shirov,A-Huebner,R/Muenchen 57/284 1993 (51)} (23. Qe3 Qg7 $13)) 9... O-O
10. Bf4 Bxf3 11. Qxf3 c6 (11... c5 12. dxc5 Nxc5 13. Bc2 Qb6 14. b3 Rfd8 15.
Rfe1 Rd7 16. Be5 Rad8 17. Bc3 Nd3 18. Re2 Nb4 19. Bxb4 Qxb4 20. h3 Rd2 21. a3
Qb6 22. a4 Bc5 23. Rf1 a5 24. h4 $15 {Ashlanian,L-Arkell,S/Debrecen/1992/0-1 
(51)}) 12. Rad1 Re8 13. Bb1 Qb6 $146 (13... Bf8 14. Rfe1 g6 15. h3 Bg7 16. a3
a5 17. Ba2 a4 18. Bd2 Qc7 19. Bc3 Rad8 20. Rd2 b5 21. c5 Nd5 22. Ne4 N7f6 23.
Nd6 Re7 24. Rdd1 Red7 25. Bd2 h6 26. Re2 Re7 27. h4 Ne8 28. Bxd5 exd5 $2 (28...
cxd5 $142 29. Nxb5 Qc6 30. Nc3 $16) 29. Ba5 {1-0 Chandler,M-Richter,W/BL 9293 
(1992) ;BL 90 1993}) 14. Qc3 Bb4 15. Qc2 Bf8 16. Rd3 (16. Rfe1 $142 g6 17. a3
a5 18. Ba2 $14) 16... g6 17. h3 c5 $5 18. d5 exd5 19. cxd5 a6 20. Rb3 (20. a3
Rad8 21. Ba2 Ne5 22. Bxe5 Rxe5 23. Rfd1 Qd6 $15) 20... Qa7 21. Qd2 b5 22. Bh6
Re5 23. Bxf8 Rxf8 24. Qh6 c4 (24... Nxd5 $2 25. Nf5 Rxf5 26. Bxf5 $16) 25. Rf3
Qc5 26. Nf5 $1 $8 Ne8 (26... Nh5 27. d6 $40 {[%cal Gf5e7,Gb1g6]}) 27. Ne3 Nd6
28. Rd1 $36 Rfe8 29. Qf4 Nb6 30. Ng4 $1 Re1+ 31. Rxe1 Rxe1+ 32. Kh2 Nxd5 (32...
Rxb1 $2 33. Nf6+ (33. Qf6 Nxd5 34. Nh6+ Kf8 35. Qd8+ Kg7 36. Qg8+ Kxh6 37. Qf8+
Kg5 38. Rxf7 Nxf7 $8 39. Qxc5 Rd1 40. f4+ Kf6 41. Qc6+ Ke7 42. Qxa6 $13) 33...
Kg7 (33... Kf8 34. Ne4 Qc7 35. Nxd6 $16) 34. Qe5 $1 {[%cal Gf6d7,Gf6e4]} Kf8 $8
35. Nxh7+ Kg8 36. Nf6+ Kf8 37. Re3 $1 Qc7 (37... Nf5 38. Nd7+ $1 $18 {[%cal
Ge5h8]}) 38. Qf4 $1 Kg7 39. Re8 $1 $18) 33. Qg5 Re6 34. h4 Qd4 35. h5 Ne7 (
35... f6 36. Qh4 {[%cal Gg4h6]} Qxb2 $8 37. hxg6 hxg6 38. Bxg6 Kf8 39. Rh3 $1
Ke7 40. Qh7+ Kd8 41. Bf7 $1 $18) 36. hxg6 hxg6 37. Nf6+ Kg7 38. Nh5+ Kf8 39.
Qh6+ Kg8 40. Nf4 Rf6 41. Qg5 Ne8 (41... Ndf5 $142 42. g4 Nh4 43. Qxh4 Rxf4 44.
Re3 Qd6 45. Kg2 $44) 42. b3 Qd6 43. g3 Nc7 44. Be4 Ne8 45. bxc4 bxc4 46. Kg2
Ng7 47. Re3 Nef5 48. Re2 $1 {Although black's knights are doing a pretty good
job in defending the king they have to little space for manoeuvring, and
that's the reason why white shouldn't capture on f5.} Qd4 49. Bd5 Rd6 50. Re4
Qb2 51. g4 Qc2 52. Re5 (52. gxf5 $4 Rxd5 $19 {[%csl Ge4]}) 52... Qc3 53. Re2
Nd4 $2 (53... Qd4 $142 54. gxf5 Rxd5 55. Nxd5 Qxd5+ 56. f3 Nxf5 $10) 54. Re3
Qd2 (54... Qb4 55. Nxg6 Nde6 56. Ne7+ Kf8 57. Qf6 $36) 55. Nxg6 $4 (55. Bxf7+
$142 Kxf7 56. Qe7+ Kg8 57. Qxd6 $18) 55... Nde6 56. Bxe6 Nxe6 57. Ne7+ Kf8 58.
Qf6 Ke8 $4 (58... Qd4 59. Ng6+ Kg8 60. Ne7+ $10) 59. Nf5 $18 Qd5+ 60. Kg3 Kd7
61. Qxf7+ Kc6 62. Ne7+ 1-0

[Event "RUS-Cup6"]
[Site "Krasnodar"]
[Date "1997.??.??"]
[Round "3"]
[White "Morozevich, Alexander"]
[Black "Zakharevich, Igor"]
[Result "1-0"]
[WhiteElo "2595"]
[BlackElo "2505"]
[Annotator "Gershon,A"]
[PlyCount "117"]
[EventDate "1997.03.11"]
[EventType "swiss"]
[EventRounds "9"]
[EventCountry "RUS"]
[SourceTitle "EXT 2000"]
[Source "ChessBase"]
[SourceDate "1999.11.16"]
[SourceVersion "1"]
[SourceVersionDate "1999.11.16"]
[SourceQuality "1"]

1. e4 e6 2. d4 d5 3. Nc3 dxe4 4. Nxe4 Nd7 5. Nf3 Ngf6 6. Bd3 c5 7. O-O Nxe4 (
7... cxd4 8. Nxd4 Be7 9. Re1 O-O 10. c3 Nxe4 11. Bxe4 Nf6 12. Bc2 Bd7 13. Qd3
g6 14. Bh6 Re8 15. Qf3 Qb6 16. Bb3 Rad8 17. Re2 Bc6 18. Nxc6 Qxc6 19. Qxc6 bxc6
20. h3 $16 {Yemelin,V-Erendzhenov,S/RUS-ch Elista 1995/1-0 (67)}) 8. Bxe4 Nf6 (
8... Be7 9. Qe2 (9. c4 O-O 10. Re1 Nf6 11. Bc2 cxd4 12. Bg5 h6 13. Bh4 d3 14.
Bxd3 Nh5 15. Bxe7 Qxe7 16. Ne5 Nf6 17. Qf3 Rb8 18. Rad1 Bd7 19. Be4 Be8 20. Bb1
$14 {1/2-1/2 Zapata,A-Hoffman,A/Najdorf op, Buenos Aires ARG 1996 (38)}) 9...
Qb6 (9... Nf6 10. dxc5 Nxe4 11. Qxe4 Bxc5 12. Qe5 Bf8 13. Re1 Qd6 14. Qb5+ Qd7
15. Qh5 Qc7 16. Nd4 Bd6 17. Nf5 Be5 18. Qg5 Kf8 19. Bf4 f6 20. Bxe5 fxg5 21.
Bxc7 exf5 22. Bd6+ Kf7 23. Re7+ Kf6 24. Rae1 $16 {1-0 Tseshkovsky,
V-Doroshkievich,V/Novorossysk 1995 (38)}) 10. Rd1 O-O 11. c3 Rd8 12. Bc2 Nf8
13. Be3 Bd7 14. Ne5 Be8 15. Be4 Qc7 16. Bf4 cxd4 17. cxd4 Bd6 18. Rac1 Qe7 19.
Qf3 $14 {1/2-1/2 Ebeling,M-Kujala,A/FIN-chT 1989 (31)}) 9. Bg5 cxd4 (9... h6
10. Bxf6 Qxf6 11. c3 Bd6 12. Qa4+ Bd7 13. Qa3 Qe7 14. dxc5 Bxc5 15. b4 Bb6 16.
Bxb7 Rb8 17. Be4 O-O 18. Ne5 Bb5 19. Rfe1 a5 20. Qb2 axb4 21. cxb4 Qa7 22. Rad1
Rfd8 23. Nf3 Ba4 24. Rxd8+ Bxd8 25. Rc1 Bf6 26. Qd2 Rd8 27. Qe3 Qb8 28. a3 $16
{Honfi,K-Dolgener,T/Budapest FS09 IM-B 1995/1-0 (50)}) 10. Qe2 Be7 11. Rad1
Nxe4 (11... Qb6 12. Rxd4 (12. Nxd4 Qxb2 13. Nb5 O-O 14. Nc7 Rb8 15. Bf4 Nxe4
16. Qxe4 Qxa2 17. Ra1 Qb2 18. Nd5 $5 (18. Rfb1 Qf6 19. Na6 $11) 18... exd5 19.
Qxe7 Ra8 20. Rxa7 $1 Bf5 21. Rxb7 (21. Re1 $5 Be6 22. Be5 Qxc2 23. Rxb7 Qd2 24.
Reb1 $44) 21... Qxc2 22. Bd6 Be6 23. Qg5 Rfe8 24. Be5 Qg6 $17) 12... Qxb2 13.
Rfd1 O-O 14. Ne5 $44 Bc5 $2 (14... Nxe4 $2 15. Bxe7 Re8 16. Qxe4 $18) (14... h6
15. Bh4 $13 {[%cal Ge5g4]}) 15. Bxf6 Bxd4 (15... gxf6 16. Bxh7+ $18) 16. Qh5 h6
17. Qg4 $18) 12. Rxd4 Qxd4 $2 (12... Qc7 $2 13. Bxe7 Qxe7 (13... Nc3 14. Qd3
Kxe7 15. Rc4 $16)) (12... Bd7 $142 13. Bxe7 Qxe7 14. Qxe4 Bc6 $11) 13. Nxd4
Nxg5 14. f4 Nh3+ (14... e5 {Black probably counted on this move when played 12.
..Qd4} 15. Qxe5 Ne6 16. Nxe6 fxe6 (16... Bxe6 17. f5 $18) 17. Qxg7 Rf8 18. Qxh7
{And black is unable to stop white pawns.}) 15. gxh3 O-O 16. Qe4 {White's plan
now is: 1.To exchange one pair of rooks;2.Place the knight on best position 
(possibly e5 ) and make black trade one of his bishops for it 3.Create a
passed pawn on the queen's side. Black on the other hand,should try to create
some counterplay using his two bishops and exploiting the open position of
white king (which means exchanging as few pieces as he can).} Bf6 17. Rd1 Rd8
$6 (17... Kh8 $142 $5 {[%cal Gf8g8,Gg7g5] Black shouldn't exchange the rooks
and should try to open up the game (although it may turn out as critical
weakening of his own king) because the alternative is not better since with
every piece gone off the board black's chances of creating any danger to white
king reduce. Black probably hopes to hold this position relying on his two
bishops and does not want to make any serious weaknesses.We'll see, however,
that it's easier said than done.} 18. Nf3 Be7 19. Kf1 f6 20. Ke2 Rb8 21. Nd4
Bc5 $132 {White is still better of course but black has a legitimit countergame
}) 18. Rd3 $1 Rb8 19. Nf3 Bd7 20. Ne5 Be8 21. Rxd8 {Phases 1 and 2 completed.
With only one rook left on the board, and with white pieces placed actively
black struggles to create any serious danger to white king.} Bxd8 22. Kf1 Bb6
23. Qb4 f6 $6 {[%csl Ge6]} (23... Rd8 24. Qe7 Rc8 25. c3 $18) 24. Nc4 Bc7 25.
Qe7 Bxf4 26. Nd6 Bg6 (26... Bxd6 27. Qxe6+ Bf7 28. Qxd6 Re8 29. b3 $18 {
[%cal Gc2c8]}) 27. Qxe6+ Kh8 28. c4 {Now white does not trade the knight for a
bishop since the knight is so dangerousely placed that black is the one who
should think about exchanging it.} (28. Nf7+ $143 Bxf7 29. Qxf7 Bxh2 $16) 28...
b6 29. Qd7 h6 30. Nc8 ({Also possible:} 30. b4) 30... Be5 31. b4 a5 32. Ne7 Bf7
33. c5 bxc5 34. bxc5 Rb2 35. c6 Bc4+ (35... Rc2 36. Qd8+ Kh7 37. Qd3+ $18) 36.
Kg1 Rb1+ 37. Kf2 Rb2+ (37... Rf1+ 38. Kg2) 38. Kf3 Rxa2 39. Ng6+ (39. c7 Bxc7
40. Qxc7 $18) 39... Kh7 40. Nxe5 fxe5 41. Qf5+ Kh8 42. Qxe5 (42. c7 Ra3+ 43.
Kf2 Ba6 44. c8=Q+ Bxc8 45. Qxc8+ Kh7 46. Qf5+ Kh8 47. Qxe5 Rxh3 48. Qxa5 {
And black rook is unable to get to f6.}) 42... Ra3+ 43. Kf4 Bf1 44. Qb2 Ra4+
45. Ke5 Bxh3 46. Qb3 Rh4 47. c7 {/\ Qh3} Rh5+ 48. Kd6 Kh7 49. Qd3+ (49. Qxh3 $2
Rxh3 50. c8=Q Rxh2 {[%cal Gh2f2,Gf2f6]}) 49... Bf5 50. Qd5 Rg5 51. Ke7 Bh3 52.
Qd3+ Bf5 53. Qf1 Bc8 54. h4 Re5+ 55. Kd8 Bf5 56. Qf4 Rd5+ 57. Ke7 Rc5 (57...
Kh8 58. Qxf5 Rxf5 59. c8=Q+ $18) 58. Kd6 Rb5 59. Kc6 1-0

[Event "RUS-Cup7"]
[Site "Kstovo"]
[Date "1997.05.03"]
[Round "3"]
[White "Lastin, Alexander"]
[Black "Yagupov, Igor"]
[Result "0-1"]
[WhiteElo "2535"]
[BlackElo "2420"]
[Annotator "Gershon,A"]
[PlyCount "74"]
[EventDate "1997.05.01"]
[EventType "swiss"]
[EventRounds "9"]
[EventCountry "RUS"]
[SourceTitle "CBM 059"]
[Source "ChessBase"]
[SourceDate "1997.08.01"]
[SourceVersion "1"]
[SourceVersionDate "1997.08.01"]
[SourceQuality "1"]

1. e4 e6 2. d4 d5 3. Nd2 dxe4 4. Nxe4 Nd7 5. Bd3 (5. Nf3 {Leads to the main
lines in this variation.} Ngf6 6. Nxf6+ Nxf6 7. Bd3 c5 8. Bg5 Be7 9. dxc5 Qa5+
10. c3 Qxc5 11. Qe2 O-O (11... Bd7 $5 12. Ne5 $1 Bc6 13. h4 $1 Rd8 (13... Bxg2
$6 14. Rg1 Bc6 15. O-O-O $1 $16) 14. O-O-O Nd7 15. Bxe7 $1 (15. Nxc6 $5 Bxg5+
16. hxg5 Qxg5+ 17. Kc2 bxc6 18. Rh5 $6 Qf4 19. Be4 Qc7 $1 20. Qc4 c5 21. Qb5 g6
$1 22. Rh4 O-O 23. Qc6 $5 Qxc6 24. Bxc6 Ne5 25. Rxd8 Rxd8 26. Bb5 $1 {1/2-1/2
Spassky,B-Petrosian,T/Wch26-Moscow 1966}) 15... Qxe7 16. Nxc6 bxc6 17. Be4 $14)
12. O-O-O h6 (12... Rd8 13. Ne5 Qc7 14. f4 {e.g.} h6 15. h4 $16) 13. h4 Nd5 14.
Qe4 f5 15. Bxe7 Qxf2 16. Qe5 Nxe7 17. Bc4 Nc6 18. Qf4 Kh8 19. Rd6 b5 20. Bxb5
Ne7 21. Rf1 Qc5 22. Qe5 $16 {1-0 Kotronias,V-Pandavos,P/Athens op 1989 (27)})
5... Ngf6 6. Nxf6+ (6. Qe2 Nxe4 (6... c5 7. Nf3 (7. Nxf6+ Nxf6 8. dxc5 Bxc5 9.
Bg5 $5 Qa5+ 10. Bd2 Qc7 (10... Qb6 11. O-O-O $5 $36) 11. Nf3 O-O 12. O-O-O $1
b6 13. Ne5 Bb7 14. f4 Rfd8 15. Kb1 Rac8 16. Rhf1 $1 {/\g2-g4} Nd5 (16... Bd4
17. Nf3 Ba6 $6 18. Nxd4 Rxd4 19. Bxa6 Qxc2+ 20. Ka1 Rcd8 21. Bc1 Qxd1 22. Rxd1
Rxd1 23. Kb1 Rh1 24. Qc2 Nd5 25. a3 Ne3 26. Qe2 Nf5 27. g4 Nd4 28. Qc4 h5 29.
Qc7 Rf8 30. Qc3 Rd8 31. gxh5 Nf5 32. Bd3 $18 {1-0 Polgar,J-Ehlvest,J/It,
Vienna AUT 1996 (37)}) 17. a3 Bd6 18. c4 Nf6 19. Bc3 Bf8 20. g4 Rxd3 $1 21.
Rxd3 Be4 22. g5 Bxd3+ 23. Qxd3 Ne8 (23... Rd8 $142 24. Qe2 Nd7 25. Ng4 $5 $36)
24. Rf3 $1 {/\Rf3-h3} f5 (24... Rd8 25. Qe2 $1 {/\Rf3-h3, Qh5 ->}) (24... Nd6
25. Rh3 Nf5 26. Qe2 $40) 25. gxf6 Nxf6 26. Rf1 $1 Qb7 27. Re1 $1 $16 {[%csl
Ge6] 1-0 Glek,I-Nogueiras,J/Linares op 1996}) 7... cxd4 8. Nxd4 Bc5 9. Be3 Nxe4
10. Bxe4 Qb6 11. c3 e5 12. Nf5 Bxe3 13. Nxe3 Nf6 14. Nc4 Qe6 15. Bf5 Qe7 16.
Bxc8 Rxc8 17. O-O-O O-O 18. Qxe5 Qxe5 19. Nxe5 $16 {Varavin,V-Pushkov,N/RUS-ch
Elista 1994/1-0 (49)}) 7. Bxe4 Nf6 8. Bxb7 Bxb7 9. Qb5+ Nd7 10. Qxb7 Bd6 11.
Nf3 O-O 12. O-O e5 13. Bg5 f6 14. Be3 Kh8 15. dxe5 Nxe5 16. Nxe5 Bxe5 17. Rad1
Qe7 18. b3 Qa3 19. Qc6 $16 {1-0 Kveinys,A-Huber,A/Marbach 1994 (30)}) 6... Nxf6
7. Bg5 $146 h6 (7... Be7 8. Nf3 {-Main line}) 8. Bh4 c5 9. dxc5 Bxc5 10. Qe2 {
Sacrifisinig a pawn.A more solid alternative would've been: 10.c3} (10. Nf3 Qb6
11. Qc1 Nd5 12. O-O O-O $11) (10. c3 O-O 11. Nf3 Be7 12. Qe2 Bd7 13. O-O-O Qc7
14. Ne5 $14) 10... Qd4 11. Nf3 Qxb2 12. O-O (12. Bb5+ Bd7 13. Bxf6 Qxb5 (13...
Bb4+ 14. Kf1 gxf6 15. Bxd7+ Kxd7 16. Rd1+ Ke7 17. Qb5 Rab8 $15) 14. Qxb5 Bxb5
15. Bxg7 Rg8 16. Bd4 Bxd4 17. Nxd4 Bc4 18. g3 Rd8 $17) 12... Qb6 13. Rab1 (13.
Bxf6 gxf6 14. Bb5+ Bd7 15. Bxd7+ Kxd7 16. Rab1 Qc7 17. Rfd1+ Ke7 $15) 13... Qc7
14. Ne5 a6 15. c4 {Gives black the time to consolidate the position.} (15. Rfe1
$142 $5 Nd5 16. Qf3 $5 $44 {It seems like it should be a solid position for
black, however, he must play very carefully here in order to survive.} (16. Qg4
O-O 17. c4 f5 18. Qg3 Nb4 $17) 16... O-O (16... Bd6 17. Ng6 $1 fxg6 18. Bxg6+
Kd7 19. Rxe6 $1 Bxh2+ 20. Kh1 Kxe6 21. Rd1 $1 $18 {[%csl Ge6]}) 17. c4 $1 Ne7
$8 (17... Nb4 {Leads to some beautiful variations (from white's standpoint,of
course).} 18. Rxb4 $1 Bxb4 19. Bf6 $3 Bxe1 (19... gxf6 20. Qg3+ Kh8 21. Ng6+
fxg6 22. Qxc7 f5 23. Rd1 $18) (19... Be7 20. Qe4 g6 21. Nxg6 Bxf6 22. Ne7+ Bxe7
23. Qh7#) (19... Re8 20. Qg4 Bf8 (20... g6 21. Bxg6 fxg6 22. Qxg6+ Kf8 23.
Qxh6+ Kg8 24. Qh8#) 21. Qe4 g6 22. Nxg6 fxg6 23. Qxg6+ Bg7 24. Qxe8+ $18) 20.
Qe4 g6 21. Nxg6 $18) 18. Bg3 Bd6 19. Rbd1 $44) 15... Be7 16. Rb3 O-O 17. Bb1
Rd8 18. Rg3 Kf8 19. f4 {Releasing the queen from defending the knight.} Bd7 20.
Kh1 (20. Qb2 Bc6 21. Ng4 Nxg4 22. Rxg4 Bxh4 23. Qxg7+ Ke7 24. Bg6 Qb6+ 25. Kh1
Be8 26. Rxh4 Qf2 $1 $19) 20... Ba4 21. f5 (21. h3) 21... exf5 22. Bxf5 Rd1 $1 {
Exploiting white's two major problems: 1-the unprotected position of the
knight on e5; 2- the weakness of the first rank.} 23. Nd7+ (23. Rxd1 Bxd1 24.
Qxd1 Qxe5 $17 {[%cal Ga8d8]}) 23... Rxd7 24. Bxd7 Qxd7 25. Rd3 Qg4 26. Qf2 Bc6
{[%csl Gg2][%cal Gc6g2,Gc5f2,Gf6e4] From here it's just a matter of time
untill white resigns.} 27. Bg3 Qxc4 28. Rd4 Qb5 29. Re1 Bc5 30. Bd6+ Bxd6 31.
Rxd6 Re8 32. Rdd1 (32. Rxe8+ Nxe8 $19) 32... Rxe1+ 33. Qxe1 Kg8 34. h3 Qf5 35.
Qe3 Qe4 36. Qg3 Nh5 37. Qf2 Nf4 0-1